[Event "CAMPEONATO CONTINENTAL ABSOLUT"]
[Site "Hotel Torre de Cali, Cali, Co"]
[Date "2007.07.15"]
[Round "6.29"]
[White "Bibiloni, Jorge"]
[Black "La Rota, Fabio"]
[Result "1-0"]
[WhiteElo "2145"]
[BlackElo "2286"]
[PlyCount "120"]
[EventDate "2007.07.10"]

1. e4 c6 2. d4 d5 3. Nc3 dxe4 4. Nxe4 Nf6 5. Nxf6+ exf6 6. c3 Bd6 7. Nf3 O-O 8.
Be2 Re8 9. O-O Bg4 10. h3 Bh5 11. Re1 Nd7 12. Nh4 Bg6 13. Nxg6 hxg6 14. c4 f5
15. Qb3 Rb8 16. Bd2 Qh4 17. c5 Bc7 18. Bc4 Rf8 19. Rad1 Qd8 20. Qf3 Qh4 21. Bf1
Rfe8 22. Bc3 Qf4 23. Qxf4 Bxf4 24. g3 Bg5 25. Bg2 Rxe1+ 26. Bxe1 Bf6 27. b4 Nf8
28. d5 cxd5 29. Rxd5 Rc8 30. Rd3 Rc7 31. Bd2 Ne6 32. Kf1 Re7 33. h4 Kf8 34. Be3
Rc7 35. Bf3 Ke8 36. Bd1 Ke7 37. Ra3 a6 38. Rd3 Rd7 39. Rxd7+ Kxd7 40. Bf3 Kc7
41. Bd2 Be5 42. Bd5 Nd8 43. Ke2 Bd4 44. f3 Be5 45. Be1 Ne6 46. Kd3 a5 47. b5
Nxc5+ 48. Kc4 b6 49. Bxf7 Kd6 50. Bxg6 f4 51. g4 Bf6 52. Bf5 Na4 53. Bd2 Be5
54. Bc1 Nc5 55. g5 Nb7 56. h5 Nd8 57. Ba3+ Kc7 58. Kd5 Bc3 59. Bd6+ Kb7 60. g6
a4 1-0

[Event "CAMPEONATO CONTINENTAL ABSOLUT"]
[Site "Hotel Torre de Cali, Cali, Co"]
[Date "2007.07.15"]
[Round "6.30"]
[White "Ortiz, Nadya Karolina"]
[Black "Moreno, William"]
[Result "1/2-1/2"]
[WhiteElo "2281"]
[BlackElo "2194"]
[PlyCount "117"]
[EventDate "2007.07.10"]

1. e4 g6 2. d4 Bg7 3. Nc3 d6 4. Be3 c6 5. a4 Nf6 6. h3 O-O 7. g3 Nbd7 8. Bg2 e5
9. Nge2 Re8 10. O-O exd4 11. Bxd4 Qe7 12. g4 Nc5 13. Ng3 h6 14. f4 Be6 15. Qd2
Bc4 16. Rfe1 Ne6 17. Bf2 Qc7 18. f5 Nf8 19. Rad1 Rad8 20. Bd4 g5 21. b3 Ba6 22.
Qf2 N8d7 23. Nh5 Nxh5 24. gxh5 f6 25. Rd2 b6 26. Red1 Ne5 27. a5 b5 28. Bxa7
Qxa5 29. Ne2 c5 30. Rxd6 Rxd6 31. Rxd6 b4 32. Bb6 Qa1+ 33. Qf1 Qb2 34. Qd1 Bf8
35. Rd2 Bxe2 36. Qxe2 Ra8 37. Rd1 Ra2 38. Rd2 Qc3 39. Kf2 Ra6 40. Qxa6 Qxd2+
41. Qe2 Qf4+ 42. Kg1 g4 43. hxg4 Nxg4 44. Qf3 Qc1+ 45. Bf1 Ne3 46. Qg3+ Kh8 47.
Qf4 Bd6 48. Qxh6+ Kg8 49. Qg6+ Kh8 50. Qxf6+ Kg8 51. Qe6+ Kh7 52. Qg6+ Kh8 53.
Qe8+ Kh7 54. Qd7+ Kg8 55. Qb5 Qe1 56. Qe8+ Kh7 57. Qg6+ Kh8 58. Qe8+ Kh7 59.
Qg6+ 1/2-1/2

[Event "CAMPEONATO CONTINENTAL ABSOLUT"]
[Site "Hotel Torre de Cali, Cali, Co"]
[Date "2007.07.15"]
[Round "6.31"]
[White "Palao, Maricela"]
[Black "Aranha Filho, Alvaro Z"]
[Result "0-1"]
[WhiteElo "2139"]
[BlackElo "2279"]
[PlyCount "72"]
[EventDate "2007.07.10"]

1. d4 Nf6 2. c4 g6 3. Nc3 d5 4. Nf3 Bg7 5. Bg5 Ne4 6. Qc1 h6 7. Be3 Nxc3 8.
bxc3 dxc4 9. g3 Be6 10. Bg2 Bd5 11. h4 Nd7 12. Kf1 Nf6 13. Bf4 Be4 14. Ne5
Bxg2+ 15. Kxg2 Qd5+ 16. f3 Nh5 17. e4 Qe6 18. Rb1 Nxf4+ 19. gxf4 Bxe5 20. fxe5
O-O-O 21. Qa3 Kb8 22. Rb4 c5 23. Rb5 g5 24. Rhb1 Rd7 25. Ra5 b6 26. Ra6 Rb7 27.
dxc5 gxh4 28. cxb6 Qg6+ 29. Kf2 Qg3+ 30. Ke3 Rd8 31. bxa7+ Ka8 32. Rd6 exd6 33.
Rxb7 Qe1+ 34. Kd4 Qf2+ 35. Kd5 Kxb7 36. Qb4+ Qb6 0-1

[Event "CAMPEONATO CONTINENTAL ABSOLUT"]
[Site "Hotel Torre de Cali, Cali, Co"]
[Date "2007.07.15"]
[Round "6.32"]
[White "Quinones, Cesar"]
[Black "Saladen, Rafael"]
[Result "1-0"]
[WhiteElo "2268"]
[BlackElo "2190"]
[PlyCount "135"]
[EventDate "2007.07.10"]

1. e4 c5 2. Nf3 d6 3. Bc4 e6 4. O-O Nc6 5. c3 Nf6 6. d3 Be7 7. Bb3 O-O 8. Re1
h6 9. Nbd2 a6 10. Nf1 b5 11. Ng3 Bb7 12. d4 cxd4 13. cxd4 Na5 14. Bc2 Rc8 15.
h3 Qc7 16. Bd3 Rfd8 17. b3 Qc3 18. Ba3 Nc4 19. Ne2 Qa5 20. Bc1 Na3 21. Ng3 d5
22. e5 Ne4 23. Nxe4 dxe4 24. Bxe4 Bxe4 25. Rxe4 Nc2 26. Rb1 Nb4 27. a4 Nd5 28.
axb5 Qxb5 29. Bd2 Rc6 30. h4 Qd3 31. Re1 Rb8 32. Qe2 Rxb3 33. Qxd3 Rxd3 34.
Rb8+ Kh7 35. Ra1 Bxh4 36. Re8 Nc7 37. Rc8 Rc2 38. Be1 Be7 39. Ba5 Rdc3 40. Bxc3
Rxc3 41. Rxa6 Nxa6 42. Rxc3 Nb4 43. Rc7 Nd5 44. Rb7 h5 45. Nd2 Kg6 46. Ne4 f6
47. Nd6 fxe5 48. dxe5 Bg5 49. Ne8 Bh6 50. g3 h4 51. gxh4 Nf4 52. Rd7 Nh5 53.
Nd6 Bf4 54. Re7 Bxe5 55. Rxe6+ Bf6 56. Ne4 Kf5 57. Nxf6 gxf6 58. Ra6 Kg4 59.
Ra4+ Kh3 60. Kf1 f5 61. Ke2 f4 62. Kf3 Kxh4 63. Ra5 Nf6 64. Kxf4 Kh3 65. Rg5
Kh4 66. Rg1 Kh3 67. Kf5 Nd5 68. f4 1-0

[Event "CAMPEONATO CONTINENTAL ABSOLUT"]
[Site "Hotel Torre de Cali, Cali, Co"]
[Date "2007.07.15"]
[Round "6.33"]
[White "Pena, Alfredo"]
[Black "Rosales, Daniel"]
[Result "1-0"]
[WhiteElo "2248"]
[BlackElo "1989"]
[PlyCount "119"]
[EventDate "2007.07.10"]

1. e4 e6 2. d4 d5 3. Nc3 Nf6 4. Bg5 Be7 5. e5 Nfd7 6. Bxe7 Qxe7 7. f4 a6 8. Nf3
b6 9. Be2 c5 10. O-O Nc6 11. Kh1 Bb7 12. Qd2 g6 13. a3 cxd4 14. Nxd4 Nxd4 15.
Qxd4 Qc5 16. Qd3 Rc8 17. Rad1 Rc7 18. Bf3 O-O 19. Rfe1 b5 20. Re2 Nb6 21. Nb1
Na4 22. c3 Rfc8 23. g4 Qe7 24. Qe3 Qh4 25. Rg2 Qh3 26. Rg3 Qh4 27. Qe2 Rc4 28.
Qd2 Nc5 29. Qe3 Ne4 30. Rg2 Qh3 31. Qe2 a5 32. Rd3 Qh6 33. g5 Qh4 34. Qe3 Qh3
35. b3 d4 36. Qe2 dxc3 37. bxc4 Rxc4 38. Qc2 b4 39. Kg1 Qh4 40. Qc1 Bd5 41.
axb4 axb4 42. Be2 Rc7 43. Bf3 Ra7 44. Rd1 Ra1 45. Qe3 Bb3 46. Rd8+ Kg7 47. Bxe4
c2 48. Bxc2 Bxc2 49. Rxc2 Rxb1+ 50. Kg2 b3 51. Rf2 b2 52. Rb8 Qg4+ 53. Qg3 Qd1
54. Rfxb2 Ra1 55. Qf3 Qg1+ 56. Kh3 h5 57. gxh6+ Kxh6 58. Qg3 Qd1 59. Qh4+ Kg7
60. Qf6+ 1-0

[Event "CAMPEONATO CONTINENTAL ABSOLUT"]
[Site "Hotel Torre de Cali, Cali, Co"]
[Date "2007.07.15"]
[Round "6.34"]
[White "Perez, Olarte Cesar Camilo"]
[Black "Lopez, Mario Iver"]
[Result "0-1"]
[WhiteElo "2056"]
[BlackElo "2345"]
[PlyCount "66"]
[EventDate "2007.07.10"]

1. e4 c5 2. Nf3 Nc6 3. d4 cxd4 4. Nxd4 Nf6 5. Nc3 e5 6. Ndb5 d6 7. Bg5 a6 8.
Na3 b5 9. Bxf6 gxf6 10. Nd5 f5 11. c3 fxe4 12. Bxb5 Bb7 13. Ba4 Bg7 14. Nb4 Rc8
15. Qd5 Qc7 16. Qxe4 O-O 17. Nd5 Qd8 18. Qf5 Qh4 19. Bb3 Ne7 20. Nxe7+ Qxe7 21.
Nc4 d5 22. Bc2 e4 23. Na5 Ba8 24. O-O d4 25. Nb3 d3 26. Bd1 Rb8 27. a4 Rfd8 28.
Re1 Rd6 29. Rb1 Rg6 30. Bh5 Rxb3 31. Bxg6 hxg6 32. Qc8+ Qf8 33. Qxa6 Qb8 0-1

[Event "CAMPEONATO CONTINENTAL ABSOLUT"]
[Site "Hotel Torre de Cali, Cali, Co"]
[Date "2007.07.15"]
[Round "6.35"]
[White "Nina, Miguel Angel"]
[Black "Mateus, Martha"]
[Result "0-1"]
[WhiteElo "2312"]
[BlackElo "2127"]
[PlyCount "76"]
[EventDate "2007.07.10"]

1. d4 d5 2. Nf3 e6 3. Bg5 f6 4. Bh4 c5 5. c3 Qb6 6. Qd2 cxd4 7. cxd4 Nc6 8. e3
Nge7 9. Be2 Nf5 10. O-O h5 11. Nc3 g5 12. Bxg5 fxg5 13. Nxg5 Be7 14. Nh3 Bd6
15. f4 Bd7 16. Bd3 Nce7 17. Ng5 Bb4 18. Rfc1 Kf8 19. a3 Bd6 20. b4 Kg7 21. g3
Rag8 22. Kh1 Kf8 23. Rab1 Nh6 24. Rg1 Nef5 25. a4 Be7 26. h4 Qd6 27. Nb5 Bxb5
28. axb5 Bxg5 29. hxg5 Ng4 30. Bxf5 exf5 31. Kg2 Qe6 32. Qd3 h4 33. gxh4 Rxh4
34. Rh1 Rgh8 35. Rxh4 Rxh4 36. Rc1 Nxe3+ 37. Kg3 Rg4+ 38. Kf3 Nc4 0-1

[Event "CAMPEONATO CONTINENTAL ABSOLUT"]
[Site "Hotel Torre de Cali, Cali, Co"]
[Date "2007.07.15"]
[Round "6.36"]
[White "Valderrama, E Gilberto"]
[Black "Narvaez, Faber Alberto"]
[Result "0-1"]
[WhiteElo "2308"]
[BlackElo "2140"]
[PlyCount "106"]
[EventDate "2007.07.10"]

1. d4 d5 2. e3 Nf6 3. Bd3 g6 4. Nf3 Bg7 5. O-O b6 6. Ne5 O-O 7. Nd2 Bb7 8. b3
Nbd7 9. f4 c5 10. Bb2 Qc7 11. c3 a6 12. Qf3 Rfd8 13. Qh3 Ne4 14. Nxe4 dxe4 15.
Bc4 Nxe5 16. fxe5 Bd5 17. Bxd5 Rxd5 18. c4 Rdd8 19. d5 Rf8 20. Qg3 f5 21. d6
exd6 22. exd6 Qd7 23. Bxg7 Qxg7 24. Rad1 Rad8 25. Rd5 Rd7 26. Rfd1 Rfd8 27. h4
Kf7 28. h5 Qf6 29. hxg6+ hxg6 30. a3 a5 31. Qf4 Rh8 32. b4 axb4 33. axb4 Rh4
34. Qe5 Qg5 35. Re1 Qh5 36. Kf2 Rh2 37. Qg3 cxb4 38. Rf1 Rh1 39. Rxh1 Qxh1 40.
Qg5 Qh8 41. c5 bxc5 42. Rxc5 Qf6 43. Qh6 Qxd6 44. Rc8 Kf6 45. Qh4+ Ke6 46. Qh6
Qd2+ 47. Kg3 Kd5 48. Kh2 Rd6 49. Qh7 Qxe3 50. Qf7+ Kd4 51. Qc4+ Ke5 52. Re8+
Kf6 53. Rf8+ Kg5 0-1

[Event "CAMPEONATO CONTINENTAL ABSOLUT"]
[Site "Hotel Torre de Cali, Cali, Co"]
[Date "2007.07.15"]
[Round "6.37"]
[White "Minaya, Juan"]
[Black "Becerra, Juan David"]
[Result "1-0"]
[WhiteElo "2254"]
[BlackElo "2104"]
[PlyCount "41"]
[EventDate "2007.07.10"]

1. Nf3 d5 2. c4 c6 3. b3 Bg4 4. e3 e5 5. Be2 Bd6 6. Bb2 Nd7 7. cxd5 cxd5 8. Nc3
Ngf6 9. Nb5 Bb8 10. Ba3 e4 11. Nfd4 Ne5 12. f3 exf3 13. Nxf3 Bxf3 14. Bxf3 Nd3+
15. Ke2 Qa5 16. Qc2 Nf4+ 17. exf4 Qxb5+ 18. Kd1 Bxf4 19. Re1+ Kd8 20. Be7+ Kd7
21. Qf5+ 1-0

[Event "CAMPEONATO CONTINENTAL ABSOLUT"]
[Site "Hotel Torre de Cali, Cali, Co"]
[Date "2007.07.15"]
[Round "6.39"]
[White "Markzon, Gregory"]
[Black "Barros, Raul"]
[Result "1-0"]
[WhiteElo "2237"]
[BlackElo "2056"]
[PlyCount "52"]
[EventDate "2007.07.10"]

1. d4 c5 2. d5 e5 3. c4 d6 4. e4 Ne7 5. Nc3 a6 6. h3 Nd7 7. Bd3 Ng6 8. g3 Be7
9. h4 Nf6 10. Be2 Rb8 11. a4 h5 12. a5 Bd7 13. Nf3 Ng4 14. Ng5 Bf6 15. Bd2 Ne7
16. Na4 Nc8 17. Ra3 g6 18. f3 Nh6 19. Qc1 Bg7 20. b4 cxb4 21. Bxb4 O-O 22. O-O
b5 23. axb6 Bxa4 24. Rxa4 Qxb6+ 25. c5 dxc5 26. Bxc5 Qb7 1-0

[Event "CAMPEONATO CONTINENTAL ABSOLUT"]
[Site "Hotel Torre de Cali, Cali, Co"]
[Date "2007.07.15"]
[Round "6.40"]
[White "Mesias, Rabindranath"]
[Black "Villa, Olivia Rosalba"]
[Result "1-0"]
[WhiteElo "2237"]
[BlackElo "1968"]
[PlyCount "61"]
[EventDate "2007.07.10"]

1. f4 d5 2. Nf3 c5 3. e3 e6 4. b3 Nf6 5. Bb2 Be7 6. Be2 O-O 7. O-O Nc6 8. Bb5
Qc7 9. Bxc6 bxc6 10. Ne5 Ba6 11. Rf3 Rad8 12. Rg3 d4 13. Qf3 Bb7 14. d3 Nd5 15.
exd4 cxd4 16. Bxd4 f6 17. Qg4 Bd6 18. Qxe6+ Rf7 19. Nxf7 Qxf7 20. Qxf7+ Kxf7
21. Bxa7 Nxf4 22. Nc3 Bb4 23. Ne4 Ne2+ 24. Kf2 Nxg3 25. hxg3 h6 26. Bc5 Bxc5+
27. Nxc5 Bc8 28. a4 Rd5 29. b4 Bg4 30. a5 Rf5+ 31. Kg1 1-0

[Event "CAMPEONATO CONTINENTAL ABSOLUT"]
[Site "Hotel Torre de Cali, Cali, Co"]
[Date "2007.07.15"]
[Round "6.41"]
[White "Guerrero, Juan Carlos"]
[Black "Montenegro, Rolando"]
[Result "1-0"]
[WhiteElo "2144"]
[BlackElo "2227"]
[PlyCount "59"]
[EventDate "2007.07.10"]

1. d4 d5 2. c4 e6 3. Nc3 c6 4. e4 Bb4 5. cxd5 cxd5 6. e5 Ne7 7. Bd3 Nf5 8. Nge2
Nc6 9. a3 Ba5 10. Bc2 a6 11. g4 Nh4 12. Qd3 h5 13. gxh5 Rxh5 14. Rg1 g6 15. Bf4
b5 16. O-O-O b4 17. Na2 bxa3 18. Qxa3 Qb6 19. Rg3 Rb8 20. Ba4 Bd7 21. Kb1 Bb4
22. Nxb4 Nxb4 23. Rb3 Nf5 24. Rc1 Kd8 25. h4 Nxd4 26. Be3 Bxa4 27. Qxa4 Nxb3
28. Bxb6+ Rxb6 29. Qxb3 Rxh4 30. Qe3 1-0

[Event "CAMPEONATO CONTINENTAL ABSOLUT"]
[Site "Hotel Torre de Cali, Cali, Co"]
[Date "2007.07.15"]
[Round "6.42"]
[White "Remicio, Duque John"]
[Black "Chaucanes, Lina Marcela"]
[Result "1-0"]
[WhiteElo "2189"]
[BlackElo "1991"]
[PlyCount "93"]
[EventDate "2007.07.10"]

1. e4 c5 2. Nf3 e6 3. d4 cxd4 4. Nxd4 Nf6 5. Bd3 Nc6 6. Be3 Ne5 7. O-O Nxd3 8.
Qxd3 d5 9. e5 Ne4 10. c4 Be7 11. Nc3 Nxc3 12. Qxc3 dxc4 13. Rfd1 Qc7 14. Nb5
Qc6 15. a4 b6 16. Nd6+ Bxd6 17. Rxd6 Qc7 18. Rc1 O-O 19. Qxc4 Qxc4 20. Rxc4 Bb7
21. Rc7 Bd5 22. Rdd7 a5 23. Bxb6 Rfc8 24. Bxa5 Bc6 25. Rxf7 Rxc7 26. Rxc7 Bxa4
27. b4 Bb5 28. f4 h6 29. Kf2 Kh7 30. Ke3 Kg6 31. g4 Rb8 32. h4 h5 33. gxh5+
Kxh5 34. Rxg7 Kxh4 35. f5 exf5 36. Kf4 Kh5 37. Kxf5 Bd3+ 38. Ke6 Re8+ 39. Kd6
Bc4 40. Re7 Rxe7 41. Kxe7 Kg6 42. Bc7 Kf5 43. Kd6 Bb5 44. e6 Kf6 45. Bd8+ Kg7
46. Kc5 Bd3 47. b5 1-0

[Event "CAMPEONATO CONTINENTAL ABSOLUT"]
[Site "Hotel Torre de Cali, Cali, Co"]
[Date "2007.07.15"]
[Round "6.43"]
[White "Arenas, David"]
[Black "Valle, Efrain"]
[Result "1-0"]
[WhiteElo "2081"]
[BlackElo "2215"]
[PlyCount "127"]
[EventDate "2007.07.10"]

1. c4 Nc6 2. Nc3 e5 3. Nf3 Bc5 4. Nxe5 Nxe5 5. d4 Bd6 6. dxe5 Bxe5 7. f4 Qh4+
8. g3 Bxc3+ 9. bxc3 Qe7 10. Bg2 Nf6 11. O-O h5 12. Re1 Qc5+ 13. Qd4 Qxd4+ 14.
cxd4 d6 15. Rb1 Nd7 16. e4 h4 17. e5 dxe5 18. fxe5 hxg3 19. hxg3 c6 20. d5 c5
21. e6 Nb6 22. Ba3 Rh6 23. exf7+ Kxf7 24. Bxc5 Bf5 25. Re7+ Kg8 26. Rc1 Rg6 27.
Bf2 Nd7 28. c5 Rc8 29. d6 Rxd6 30. Bxb7 Rc7 31. Rce1 Rxc5 32. Bxc5 Nxc5 33. Rc7
Nd3 34. Re8+ Kh7 35. Be4 Bxe4 36. Rxe4 Ra6 37. a4 Nb2 38. Rg4 Kh6 39. Rgxg7
Rxa4 40. Rxa7 Rd4 41. Rgd7 Rc4 42. Rd5 Rc6 43. Rda5 Rc1+ 44. Kh2 Nd3 45. R7a6+
Kg7 46. Rd5 Rc2+ 47. Kh3 Nf2+ 48. Kh4 Rc7 49. Rg5+ Kh7 50. Kh5 Kh8 51. Rh6+ Rh7
52. Rxh7+ Kxh7 53. Ra5 Kg7 54. g4 Ne4 55. g5 Ng3+ 56. Kg4 Ne4 57. Ra7+ Kg6 58.
Ra6+ Kg7 59. Ra4 Nd6 60. Kh5 Nf5 61. Ra7+ Kh8 62. Kg6 Nh4+ 63. Kf7 Kh7 64. Ra1
1-0

[Event "CAMPEONATO CONTINENTAL ABSOLUT"]
[Site "Hotel Torre de Cali, Cali, Co"]
[Date "2007.07.15"]
[Round "6.44"]
[White "Sierra, Julian Andres"]
[Black "Mateus, Alejandro"]
[Result "1/2-1/2"]
[WhiteElo "2070"]
[BlackElo "2194"]
[PlyCount "85"]
[EventDate "2007.07.10"]

1. e4 c5 2. Nf3 d6 3. d4 cxd4 4. Nxd4 Nf6 5. Nc3 a6 6. Be3 e5 7. Nb3 Be6 8. f3
Nbd7 9. Qd2 h5 10. O-O-O b5 11. Nd5 Bxd5 12. exd5 Nb6 13. Bxb6 Qxb6 14. Na5 Rc8
15. Kb1 Nxd5 16. Qxd5 Qxa5 17. Bd3 Qc7 18. Bf5 Rd8 19. Rhe1 g6 20. Be4 Bg7 21.
Qb7 Qxb7 22. Bxb7 Rb8 23. Bxa6 Rb6 24. Bc8 O-O 25. Bh3 b4 26. g3 Ra8 27. Bf1
Ra5 28. Bc4 Bf8 29. Rd5 Rxd5 30. Bxd5 Kg7 31. a4 bxa3 32. b3 Be7 33. Ka2 Ra6
34. Rd1 f5 35. b4 Bg5 36. b5 Rb6 37. Bc6 e4 38. fxe4 fxe4 39. Rxd6 Bc1 40. c4
e3 41. Rd8 Kf7 42. Rd7+ Kf6 43. Rd8 1/2-1/2

[Event "CAMPEONATO CONTINENTAL ABSOLUT"]
[Site "Hotel Torre de Cali, Cali, Co"]
[Date "2007.07.15"]
[Round "6.45"]
[White "Juarez Flores, Roberto"]
[Black "Narvaez, Zamir"]
[Result "1-0"]
[WhiteElo "2177"]
[BlackElo "2062"]
[PlyCount "107"]
[EventDate "2007.07.10"]

1. d4 d5 2. c4 c6 3. Nf3 e6 4. e3 Nf6 5. Bd3 Nbd7 6. O-O dxc4 7. Bxc4 b5 8. Bd3
Bb7 9. Nc3 a6 10. Qe2 c5 11. Rd1 Qb6 12. Bc2 Rc8 13. Ne5 Nxe5 14. dxe5 Nd7 15.
f4 c4 16. Ne4 Bd5 17. Ng5 Be7 18. Qh5 g6 19. Qh6 Bxg5 20. Qxg5 Nc5 21. Qf6 Rf8
22. Rxd5 Nd7 23. Rxd7 Kxd7 24. Bd2 Qc5 25. Kf2 b4 26. Rc1 a5 27. Rd1 Kc7 28.
Bc1 Kb8 29. Be4 Qc7 30. Rd6 Ka7 31. Bf3 Rfd8 32. e4 c3 33. bxc3 bxc3 34. Be3+
Kb7 35. Bc1 c2 36. Be2 Rxd6 37. exd6 Qxd6 38. Qb2+ Ka8 39. e5 Qc5+ 40. Ke1 Qg1+
41. Bf1 Qxh2 42. Qa3 Qg1 43. Qxa5+ Kb8 44. Qb4+ Ka8 45. Qa3+ Kb8 46. Qb4+ Ka8
47. a4 Qa7 48. Qe4+ Kb8 49. Qb4+ Ka8 50. a5 Qd7 51. Be2 Rb8 52. Bf3+ Ka7 53.
Be3+ Ka6 54. Be2+ 1-0

[Event "CAMPEONATO CONTINENTAL ABSOLUT"]
[Site "Hotel Torre de Cali, Cali, Co"]
[Date "2007.07.15"]
[Round "6.49"]
[White "Rios, Cristian Camilo"]
[Black "Bermudes, Eduardo"]
[Result "1/2-1/2"]
[WhiteElo "2013"]
[BlackElo "2138"]
[PlyCount "46"]
[EventDate "2007.07.10"]

1. e4 c5 2. Nf3 Nf6 3. Nc3 d5 4. exd5 Nxd5 5. Bb5+ Bd7 6. Ne5 Bxb5 7. Qf3 f6 8.
Qxd5 Qxd5 9. Nxd5 Na6 10. a4 Bd7 11. Nxd7 Kxd7 12. b3 e6 13. Ne3 Bd6 14. Bb2
Nb4 15. O-O-O Nc6 16. d4 cxd4 17. Bxd4 Kc7 18. Nc4 Bf4+ 19. Be3 Bxe3+ 20. Nxe3
Rad8 21. Rxd8 Rxd8 22. Rd1 Rxd1+ 23. Kxd1 Kd6 1/2-1/2

[Event "CAMPEONATO CONTINENTAL ABSOLUT"]
[Site "Hotel Torre de Cali, Cali, Co"]
[Date "2007.07.15"]
[Round "6.50"]
[White "Franco, Beatriz"]
[Black "Jukemura, Rodrigo"]
[Result "1-0"]
[WhiteElo "2130"]
[BlackElo "2017"]
[PlyCount "65"]
[EventDate "2007.07.10"]

1. e4 c5 2. Nc3 Nc6 3. g3 g6 4. Bg2 Bg7 5. d3 d6 6. Be3 e5 7. Qd2 Nge7 8. Nge2
Be6 9. Bh6 Bxh6 10. Qxh6 Qd7 11. Qd2 O-O-O 12. Nd5 Bxd5 13. exd5 Nd4 14. c3
Nxe2 15. Qxe2 Kb8 16. Rb1 f5 17. b4 Qc7 18. c4 g5 19. O-O h5 20. bxc5 Qxc5 21.
Rb5 Qd4 22. Rfb1 b6 23. a4 Kc7 24. a5 Rb8 25. axb6+ axb6 26. R5b4 Qc5 27. d4
Qxd4 28. c5 Qc3 29. cxd6+ Kxd6 30. Rxb6+ Rxb6 31. Rxb6+ Kc7 32. Qb5 Kd8 33. d6
1-0

[Event "CAMPEONATO CONTINENTAL ABSOLUT"]
[Site "Hotel Torre de Cali, Cali, Co"]
[Date "2007.07.15"]
[Round "6.51"]
[White "Orozco, Luz Elena"]
[Black "Gonzalez, Juan Manuel"]
[Result "1/2-1/2"]
[WhiteElo "1908"]
[BlackElo "2115"]
[PlyCount "135"]
[EventDate "2007.07.10"]

1. e4 c6 2. d4 d5 3. Nc3 dxe4 4. Nxe4 Nf6 5. Nxf6+ gxf6 6. Nf3 Bg4 7. Be2 e6 8.
Be3 Qc7 9. Qd2 Nd7 10. c4 O-O-O 11. O-O c5 12. Qc3 Rg8 13. Kh1 f5 14. Qc1 Bd6
15. h3 Bh5 16. dxc5 Bxc5 17. a3 Rxg2 18. Kxg2 Rg8+ 19. Bg5 Qc6 20. Rg1 h6 21.
Qc3 hxg5 22. Kf1 Nf6 23. Nxg5 Ne4 24. Nxe4 Bxe2+ 25. Kxe2 Qxe4+ 26. Kf1 Rd8 27.
Re1 Qf4 28. Qg3 Qxc4+ 29. Kg2 Qd5+ 30. Kf1 Qd2 31. b4 Bd4 32. Qf3 Bc3 33. Kg2
Rd3 34. Qh5 Qf4 35. Re3 Rxe3 36. fxe3 Qxe3 37. Qf3 Qg5+ 38. Kh1 Qd2 39. Rd1 Qc2
40. h4 Be5 41. Kg1 Qh2+ 42. Kf1 Qxh4 43. Qe3 Qf4+ 44. Ke2 Qxe3+ 45. Kxe3 f4+
46. Ke4 Bc7 47. b5 f5+ 48. Kf3 a6 49. b6 Bxb6 50. Rd6 Be3 51. Rxe6 a5 52. a4 b6
53. Re7 Bc5 54. Rf7 Bd6 55. Rxf5 Kd7 56. Ke4 Kc6 57. Rb5 Bc7 58. Kf3 Bd6 59.
Ke4 Bc5 60. Kxf4 Kd5 61. Kf5 Kc4 62. Ke4 Bd4 63. Rb1 Bf2 64. Rb2 Bd4 65. Rb1
Bc5 66. Rb5 Kc3 67. Kd5 Bb4 68. Rxb6 1/2-1/2

[Event "CAMPEONATO CONTINENTAL ABSOLUT"]
[Site "Hotel Torre de Cali, Cali, Co"]
[Date "2007.07.15"]
[Round "6.52"]
[White "Montaño, Henry"]
[Black "Restuccia, Francisco"]
[Result "1-0"]
[WhiteElo "2108"]
[BlackElo "2222"]
[PlyCount "57"]
[EventDate "2007.07.10"]

1. f4 d5 2. e3 c5 3. b3 Nc6 4. Bb2 Nf6 5. Bb5 g6 6. Nf3 Bg7 7. Ne5 Qc7 8. O-O
O-O 9. Bxc6 bxc6 10. d3 Ng4 11. Qe1 Nxe5 12. fxe5 Bxe5 13. Bxe5 Qxe5 14. Nd2
Qd6 15. Qh4 f6 16. e4 Rb8 17. Rf2 Kg7 18. Re1 e5 19. g4 Rb7 20. Ref1 Rbf7 21.
Qg3 Kg8 22. h3 Rg7 23. Kh2 f5 24. gxf5 gxf5 25. Qh4 f4 26. Rg1 Rxg1 27. Kxg1
Qf6 28. Qh5 Qg6+ 29. Rg2 1-0

[Event "CAMPEONATO CONTINENTAL ABSOLUT"]
[Site "Hotel Torre de Cali, Cali, Co"]
[Date "2007.07.15"]
[Round "6.53"]
[White "Cardona, Fabio"]
[Black "Barros, Raul Junior"]
[Result "1-0"]
[WhiteElo "2152"]
[BlackElo "2117"]
[PlyCount "59"]
[EventDate "2007.07.10"]

1. e4 c5 2. Nf3 e6 3. d4 cxd4 4. Nxd4 Qb6 5. Nb3 Qc7 6. c4 d6 7. Nc3 a6 8. Bf4
b6 9. Qd2 Bb7 10. Rd1 Kd7 11. e5 Nc6 12. exd6 Qd8 13. Be2 Nf6 14. O-O h6 15.
Qe3 g5 16. Bg3 Rg8 17. Na4 Ke8 18. Nxb6 Ra7 19. d7+ Nxd7 20. Nxd7 Bg7 21. Ne5
Qe7 22. Rd7 Qf6 23. Rxf7 Qd8 24. Nxc6 Bxc6 25. Rxa7 Bd7 26. Bh5+ Ke7 27. Qc5+
Kf6 28. Be5+ Kf5 29. g4+ Ke4 30. Qe3# 1-0

[Event "CAMPEONATO CONTINENTAL ABSOLUT"]
[Site "Hotel Torre de Cali, Cali, Co"]
[Date "2007.07.15"]
[Round "6.54"]
[White "Franco, Angela"]
[Black "Guerrero, Hernando"]
[Result "1-0"]
[WhiteElo "2143"]
[BlackElo "2041"]
[PlyCount "113"]
[EventDate "2007.07.10"]

1. e4 e6 2. d3 d5 3. Nd2 Nf6 4. Ngf3 Be7 5. g3 b6 6. e5 Nfd7 7. Bg2 Bb7 8. O-O
c5 9. Re1 Nc6 10. Nf1 O-O 11. h4 b5 12. Bf4 c4 13. d4 a5 14. h5 Re8 15. h6 g6
16. N1h2 b4 17. Ng4 a4 18. Qd2 a3 19. b3 Ba6 20. Qe3 c3 21. Rad1 Ra7 22. Bg5
Qb6 23. Bxe7 Nxe7 24. Qg5 Nf5 25. Nf6+ Nxf6 26. exf6 Bb5 27. Ne5 Rb8 28. Qf4
Qd8 29. Bf1 Bxf1 30. Rxf1 Rc8 31. Rd3 Rac7 32. Re1 Qf8 33. Kg2 Nd6 34. f3 Qd8
35. Rde3 Nf5 36. Rd3 Qxf6 37. Kf2 Qd8 38. Ng4 Qd6 39. Nf6+ Kh8 40. Qg5 Qd8 41.
g4 Ne7 42. Ne8 Ng8 43. Qxd8 Rxd8 44. Nxc7 Rc8 45. Nb5 Rc6 46. g5 Ne7 47. f4 Kg8
48. Ree3 Nf5 49. Rf3 Kf8 50. Ke1 Nh4 51. Rg3 Nf5 52. Rh3 Ke7 53. Nxc3 bxc3 54.
Rxc3 Rb6 55. Rc7+ Kd6 56. Rxf7 Nxd4 57. Rc3 1-0

[Event "CAMPEONATO CONTINENTAL ABSOLUT"]
[Site "Hotel Torre de Cali, Cali, Co"]
[Date "2007.07.15"]
[Round "6.55"]
[White "Molina, Rafael"]
[Black "Sanchez, M Luis E"]
[Result "1-0"]
[WhiteElo "2101"]
[BlackElo "2143"]
[PlyCount "175"]
[EventDate "2007.07.10"]

1. e4 e5 2. Nf3 Nc6 3. Bb5 Nf6 4. O-O Be7 5. Qe2 Nd4 6. Nxd4 exd4 7. e5 Nd5 8.
f4 c6 9. Bd3 d6 10. c4 Nb4 11. Na3 dxe5 12. fxe5 Nxd3 13. Qxd3 Be6 14. Nc2 Qa5
15. b4 Qxe5 16. Bb2 Bd6 17. g3 c5 18. Rae1 Qg5 19. bxc5 Bxc5 20. Bxd4 O-O 21.
Be3 Rad8 22. Qc3 Bxe3+ 23. Rxe3 Qc5 24. Rf4 Rc8 25. Na3 Rfd8 26. d4 Qc7 27.
Rfe4 h6 28. Qb4 a5 29. Qa4 Bxc4 30. Re8+ Rxe8 31. Rxe8+ Rxe8 32. Qxe8+ Kh7 33.
Qe4+ g6 34. Qc2 b5 35. Nxb5 Qc6 36. Nd6 Qxd6 37. Qxc4 Kg7 38. d5 Qe5 39. Kf2 h5
40. Kf3 g5 41. Qe4 Qf6+ 42. Ke3 Qc3+ 43. Qd3 Qc2 44. Kd4 Qb2+ 45. Qc3 Qxa2 46.
d6 Qa4+ 47. Kc5+ f6 48. Kd5 Qb5+ 49. Qc5 Qb7+ 50. Kc4 Qa6+ 51. Kd4 Qe2 52. Qc7+
Kf8 53. Kc5 Qe5+ 54. Kb6 Qe6 55. Kxa5 Ke8 56. Kb6 Qd7 57. Kc5 Qf5+ 58. Kc6 Qe4+
59. Kb6 Qb4+ 60. Ka7 Qa4+ 61. Kb8 Qb5+ 62. Ka8 Qd7 63. Kb7 f5 64. Kb6 f4 65.
gxf4 gxf4 66. Kc5 f3 67. Qb8+ Qd8 68. Qb5+ Kf8 69. Qb2 Qg5+ 70. Kc6 Qf4 71. d7
Qc4+ 72. Kd6 Qa6+ 73. Kc7 Qc4+ 74. Kd8 Kf7 75. Qe5 Kg6 76. Ke7 Qf7+ 77. Kd6
Qf8+ 78. Kc7 Qf7 79. Qe4+ Kg5 80. Kc8 f2 81. d8=Q+ Kh6 82. h4 Kg7 83. Qg5+ Kf8
84. Qh6+ Qg7 85. Qf5+ Kg8 86. Qfe6+ Kf8 87. Qef6+ Ke8 88. Qhxg7 1-0

[Event "CAMPEONATO CONTINENTAL ABSOLUT"]
[Site "Hotel Torre de Cali, Cali, Co"]
[Date "2007.07.15"]
[Round "6.56"]
[White "Salazar, Jeyksson"]
[Black "Rua, Nora"]
[Result "1-0"]
[WhiteElo "2286"]
[BlackElo "1960"]
[PlyCount "75"]
[EventDate "2007.07.10"]

1. e4 e5 2. Nf3 Nc6 3. Bb5 Bc5 4. c3 Nf6 5. Qe2 Qe7 6. O-O O-O 7. d3 d6 8. h3
Nb8 9. Ba4 Nbd7 10. Bc2 Rd8 11. Nbd2 Nf8 12. d4 Bb6 13. Nc4 Ng6 14. Rd1 Bd7 15.
a4 c6 16. Nxd6 exd4 17. Nxb7 Rdb8 18. a5 Bc7 19. a6 dxc3 20. bxc3 Re8 21. Ba3
Nf4 22. Qf1 c5 23. Bxc5 Qe6 24. Bb4 Nxe4 25. Bxe4 Qxe4 26. Rxd7 Bb6 27. Nd6 Qg6
28. Kh1 Re2 29. Nd4 Bxd4 30. cxd4 Qc2 31. Rc1 Qa2 32. Rxf7 Nd3 33. Ra1 Qc2 34.
Rf3 Nxb4 35. Rc1 Qa2 36. Re1 Rxe1 37. Qxe1 Qd5 38. Qxb4 1-0